Memorias de Barry Lyndon

Guardat en:
Dades bibliogràfiques
Autor principal: Thackeray, William Makepeace (Autor)
Format: Llibre
Idioma:espanyol
Publicat: Buenos Aires Emecé 1946
Matèries:
Etiquetes: Afegir etiqueta
Sense etiquetes, Sigues el primer a etiquetar aquest registre!

MARC

LEADER 00000nam a2200000 a 4500
001 UCZ4970
003 CL-VaPUC
008 951115e19460000AG |||||||||||||||||spa|d
082 0 4 |a 823  |b THA  |2 21 
100 0 |a Thackeray, William Makepeace  |e author  |9 348934 
245 1 0 |a Memorias de Barry Lyndon 
300 |a 407 p 
942 |c BK 
945 |d 19951115 00:00:00  |a rleighto 
260 |a Buenos Aires  |b Emecé  |c 1946 
650 0 |a Novelas inglesas  |9 265220 
583 |a last modification  |c 19951115 00:00:00  |k Rodrigo Vera 
999 |c 241310  |d 241308 
952 |0 0  |1 0  |4 0  |6 823_000000000000000_THA_1946  |7 0  |8 A  |9 253605  |a BIBEDU  |b BIBEDU  |d 2019-11-19  |i 3149749  |o 823 THA 1946  |p 3149749  |r 2019-11-19  |w 2019-11-19  |y BK  |k LIT